000
00215nam a2200097Ia 4500
008
190216s9999||||xx |||||||||||||| ||und||
100
_a
Lakshmisharma
245
0
_a
Gad Prama
260
_b
Vellakkal Books
942
_c
BK
999
_c
15443
_d
15443